000 01114nam a2200277 4500
001 0000017429
003 CO-CtgCURN
005 20250828152809.0
008 160627s1998 000 0 eng d
020 _a9586163814
040 _aCO-CtgCURN
_bspa
_ccoctgcurn
082 0 _a346.059
_bR34f
100 1 _aRengifo García, Ernesto.
245 1 3 _aLa fiducia mercantil y publica en Colombia /
_cErnesto Rengifo García.
260 _aBogotá :
_bUniversidad Externad de Colombia,
_c1998.
300 _a247 p.
336 _2rdacontent
337 _2rdamedia
_asin mediacion
_bn
338 _2rdacarrier
_avolumen
_bnc
504 _aBibliografia (p. 241-247)
505 8 _aAntecedentes historicos de la fiducia.--El trust.--La propiedad fiduciaria.--Albaceazgo fiduciario.--Elementos carateristicas y efectos de la fiducia mercantil.--Finalidades de la fiducia mercantil.--Responsabilidad civil del fiduciario.--Fiducia publica
650 0 _aFideicomiso
_vHistoria.
908 _a160627
942 _cBK
_h346.059
_iR34f
_2ddc
999 _c49741
_d49741
_x1